Sarah Jessica Parker Filmography - Statistics

General Stats
  • This quiz has been taken 90 times
    5 since last reset
  • The average score is 9 of 155
Answer Stats
Type Year Name % Correct
TV Show 1998-2004 Sex and the City
100%
Film 2008 Sex and the City
100%
Web Series 2021-2025 And Just Like That...
60%
Documentary 2022 And Just Like That... The Documentary
60%
Film 1984 Footloose
60%
Film 2010 Sex and the City 2
60%
Film 2009 Did You Hear About the Morgans?
40%
Film 2006 Failure to Launch
40%
Film 1993 Hocus Pocus
40%
Film 2022 Hocus Pocus 2
40%
TV Show 1994 Saturday Night Live
40%
Film 2005 The Family Stone
40%
Film 1996 The First Wives Club
40%
Theater 1978-1980 Annie
20%
TV Show 2016-2019 Divorce
20%
TV Show 2012, 2013 Glee
20%
Film 2011 New Year's Eve
20%
Theater 2020-2024 Plaza Suite
20%
Film 2008 Smart People
20%
TV Show 1982-1983 Square Pegs
20%
Award Show 2000 2000 MTV Movie Awards
0%
TV Show 2018 2 Dope Queens
0%
TV Show 1980 3-2-1 Contact
0%
TV Show 1984 ABC Afterschool Specials
0%
Documentary 1997 A Life Apart: Hasidism in America
0%
Film 2015 All Roads Lead to Rome
0%
TV Special 1979 All-Star Birthday Party for Bob Hope... at Sea
0%
TV Special 2001 America: A Tribute to Heroes
0%
TV Show 1989 American Playhouse
0%
TV Special 1988 An All Star Celebration: Vote '88
0%
TV Mini-Series 1986 A Year in the Life
0%
TV Show 1987-1988 A Year in the Life
0%
TV Special 2010 Bambi Verleihung 2010
0%
TV Show 2015 Billy on the Street
0%
Documentary Mini-Series 1998 Bravo Profiles: The Entertainment Business
0%
Stand-Up Special 2015 Bridget Everett: Gynecological Wonder
0%
TV Special 1982 Broadway Plays Washington on Kennedy Center Tonight
0%
Documentary Mini-Series 2004 Broadway: The American Musical
0%
Web Series 2014 Comedians in Cars Getting Coffee
0%
TV Special 1998 Comic Relief VIII
0%
TV Special 2011 Crown Oaks Day
0%
TV Film 1988 Dadah Is Death
0%
TV Special 1998 Divas Live: An Honors Concert for VH1 Save the Music
0%
TV Show 1980 Drawing Power
0%
Film 1999 Dudley Do-Right
0%
Film 1994 Ed Wood
0%
Documentary 2012 $ellebrity
0%
TV Special 2002 Elvis Lives
0%
TV Show 1990-1991 Equal Justice
0%
Film 2013 Escape from Planet Earth
0%
Documentary Series 2001 E! True Hollywood Story
0%
TV Show 2004 Evening at Pops
0%
Documentary 2008 Every Little Step
0%
Film 1996 Extreme Measures
0%
Film 1984 Firstborn
0%
Film 1986 Flight of the Navigator
0%
Commercial 2000-2008, 2011 Garnier's Nutrisse
0%
Documentary Series 2008 Getaway
0%
Film 1985 Girls Just Want to Have Fun
0%
TV Film 1985 Going for the Gold: The Bill Johnson Story
0%
TV Special 2026 Golden Eve
0%
TV Special 2003 Great Women of Television Comedy
0%
TV Show 1987 Hallmark Hall of Fame
0%
TV Show 2011 Hamish & Andy's Gap Year
0%
Documentary 2023 Happy Clothes: A Film About Patricia Field
0%
Film 2018 Here and Now
0%
Film TBA Hocus Pocus 3
0%
Documentary 1994 Hocus Pocus: Begin the Magic
0%
Film 1992 Honeymoon in Vegas
0%
Documentary 2023 Honorable But Broken: EMS in Crisis
0%
TV Show 1986 Hotel
0%
Theater 1996 How to Succeed in Business Without Really Trying
0%
Film 2011 I Don't Know How She Does It
0%
Film 1996 If Lucy Fell
0%
Web Special 2020 In Search of the Sanderson Sisters: A Hocus Pocus Hulaween Takeover
0%
TV Film 1992 In the Best Interest of the Children
0%
Documentary Series 2000, 2002 Intimate Portrait
0%
Commercial 2018 Intimissimi
0%
TV Documentary 2012 In Vogue: The Editor's Eye
0%
Film 1991 L.A. Story
0%
Documentary 2006 Life After Tomorrow
0%
Film 2001 Life Without Dick
0%
Commercial 2004 Lux Shower Gel
0%
Documentary 2013 Mademoiselle C
0%
Documentary Series 2014 Makers: Women Who Make America
0%
Film 1996 Mars Attacks!
0%
Film 1995 Miami Rhapsody
0%
Documentary Series 1994 Movie Magic
0%
TV Film 1982 My Body, My Child
0%
Award Show 1999 New York Magazine Awards
0%
Film 2016 Nightcap
0%
Documentary 1997 Off the Menu: The Last Days of Chasen's
0%
Theater 1996-1997 Once Upon a Mattress
0%
TV Special 2020 One World: Together at Home
0%
TV Show 2013 Only in America with Larry the Cable Guy
0%
Short Film 1995 Owen
0%
TV Documentary 2002 Playboy: Inside the Playboy Mansion
0%
Commercial 2001 Priceline.com
0%
TV Show 2007, 2008 Project Runway
0%
Commercial 1988 Rock the Vote
0%
Short Film 2007 Sesame Beginnings: Moving Together
0%
TV Show 2007, 2009, 2010, 2012 Sesame Street
0%
Film 2010 Sesame Street: The Very Best of Elmo
0%
TV Special 2004 Sex and the City: A Farewell
0%
TV Short 2000 Sex and the Matrix
0%
TV Show 1991 Shalom Sesame
0%
Commercial 2008 Shopping Cidade Jardim
0%
Documentary 2007 ShowBusiness: The Road to Broadway
0%
TV Special 2025 SNL50: The Anniversary Special
0%
Film 1983 Somewhere, Tomorrow
0%
TV Show 1999 Space Ghost Coast to Coast
0%
Film 2007 Spinning into Butter
0%
TV Special 2008 Stand Up to Cancer
0%
Film 2000 State and Main
0%
Commercial 2019 Stella Artois
0%
Commercial 2005 St. Jude's Research Hospital
0%
TV Show 1998 Stories from My Childhood
0%
Film 2006 Strangers with Candy
0%
TV Special 2009 Streisand: Live in Concert
0%
Film 1993 Striking Distance
0%
Theater 1995 Sylvia
0%
TV Pilot 1986 The Alan King Show
0%
TV Show 1992 The Ben Stiller Show
0%
TV Special 2001 The Big Show
0%
Theater 2013-2014 The Commons of Pensacola
0%
Documentary 2016 The First Monday in May
0%
TV Special 1997 The Gift of Song
0%
Theater 1988-1990 The Heidi Chronicles
0%
TV Special 2018 The Hocus Pocus 25th Anniversary Halloween Bash
0%
Theater 1976 The Innocents
0%
TV Special 2011 The Kennedy Center Honors: A Celebration of the Performing Arts
0%
TV Show 1994 The Larry Sanders Show
0%
TV Film 1974 The Little Match Girl
0%
Podcast 2020 The Pack Podcast
0%
Radio Play 1977 The Railway Children
0%
TV Film 1987 The Room Upstairs
0%
Web Special 2020 The Rosie O'Donnell Show: A Benefit for the Actors Fund
0%
TV Film 1989 The Ryan White Story
0%
Theater 1977 The Sound of Music
0%
TV Special 1988 The Starlight Annual Foundation Benefit
0%
Theater 1991-1992 The Substance of Fire
0%
TV Film 1996 The Sunshine Boys
0%
Documentary 2018 The Times of Bill Cunningham
0%
TV Show 1990, 1991 The Tonight Show Starring Johnny Carson
0%
Film 1997 'Til There Was You
0%
Theater 1984 To Gillian on Her 37th Birthday
0%
Documentary Series 2009 TV Land Moguls
0%
TV Special 2008 TV's All-Time Funniest: A Paley Center for Media Special
0%
TV Mini-Series 1989 Twist of Fate
0%
Documentary 2008 Valentino: The Last Emperor
0%
TV Show 1998 WCW Nitro
0%
Documentary 2018 What She Said: The Art of Pauline Kael
0%
Documentary Series 2010 Who Do You Think You Are?
0%
Theater 2001-2002 Wonder of the World
0%
TV Show 2010 Work of Art: The Next Great Artist
0%
No matching quizzes found
Score Distribution
Percent of People with Each Score
Percentile by Number Answered
Your Score History
You have not taken this quiz since the last reset